Normal view
MARC view
- Chlorine
Entry Topical Term
001 - CONTROL NUMBER
- control field: 6439
003 - CONTROL NUMBER IDENTIFIER
- control field: NUST
005 - DATE AND TIME OF LATEST TRANSACTION
- control field: 20171116104931.0
008 - FIXED-LENGTH DATA ELEMENTS
- fixed length control field: 171116|| aca||aabn | a|a d
040 ## - CATALOGING SOURCE
- Original cataloging agency: NUST
- Transcribing agency: NUST
150 ## - HEADING--TOPICAL TERM
- Topical term or geographic name entry element: Chlorine
- General subdivision: Congresses.
670 ## - SOURCE DATA FOUND
- Source citation: Work cat.: (NUST)0: International Engineering Foundation Conference on Fireside Problems While Incinerating Municipal and Industrial Waste (1989 : Palm Coast, Fla.) 6436, Incinerating municipal and industrial waste :, c1991.
